লোডিং...

Illustrated wordstar

গ্রন্থ-পঞ্জীর বিবরন
প্রধান লেখক: Stultz, Russell A.
অন্যান্য লেখক: Dianne, Stultz
বিন্যাস: Printed Book
ভাষা:English
প্রকাশিত: New Delhi BPB Publications 1991
বিষয়গুলি:
LEADER 00558nam a2200169 a 4500
005 20151028161938.0
008 960221s1955 dcuabcdjdbkoqu001 0deng d
003 ViArRB
082 |a 001.6421 
100 |a Stultz, Russell A.  |9 14548 
245 |a  Illustrated wordstar 
653 |a Word star - computer- package software 
700 |a Dianne, Stultz  |9 14547 
942 |c BK  |6 _ 
260 |a New Delhi  |b BPB Publications  |c 1991 
999 |c 72184  |d 72184 
952 |0 0  |1 0  |2 ddc  |4 0  |6 0016421_WSTN1  |7 0  |9 84041  |a SOS  |b SOS  |d 2009-12-17  |o 001.6421 WST/N1  |p MS007010  |r 2013-06-14  |w 2009-07-13  |y BK